Randgruppen der Gesellschaft: Untersuchungen über Sozialstatus und Erziehungsverhalten obdachloser Familien

Guardado en:  
Detalles Bibliográficos
Otros Autores: Iben, Gerd 1932- (Otro) ; Anders, Gisela (Otro)
Tipo de documento: Print Libro
Lenguaje:Alemán
Publicado: München Juventa-Verl. 1971
En: Juventa-Materialien (1)
Año: 1971
Disponibilidad en Tübingen:Disponible en Tübingen.
IFK: C XIV 64
UB: KB 1 A 661
Verificar disponibilidad: HBZ Gateway
Servicio de pedido Subito: Pedir ahora.
Palabras clave:

MARC

LEADER 00000cam a2200000 c 4500
001 223734098
003 DE-627
005 20260206204247.0
007 tu
008 970213s1971 gw ||||| 00| ||ger c
015 |a 72,A23,0227  |2 dnb 
016 7 |a 720088674  |2 DE-101 
020 |a 3779906015  |9 3-7799-0601-5 
035 |a (DE-627)223734098 
035 |a (DE-603)064871762 
035 |a (DE-576)003291669 
035 |a (DE-599)GBV223734098 
035 |a (OCoLC)74054133 
035 |a (OCoLC)74054133 
035 |a (DE-604)8019405049 
040 |a DE-627  |b ger  |c DE-627  |e rakwb 
041 |a ger 
044 |c XA-DE 
084 |a 10a  |2 sdnb 
084 |a 10a  |a 05b  |2 sdnb 
084 |a MS 3800  |2 rvk  |0 (DE-625)rvk/123688: 
084 |a CV 8000  |2 rvk  |0 (DE-625)rvk/19169: 
084 |a DU 2000  |2 rvk  |0 (DE-625)rvk/20043:761 
084 |a DG 8500  |2 rvk  |0 (DE-625)rvk/19562: 
084 |a PH 8520  |2 rvk  |0 (DE-625)rvk/136508: 
245 0 0 |a Randgruppen der Gesellschaft  |b Untersuchungen über Sozialstatus und Erziehungsverhalten obdachloser Familien  |c Gerd Iben. Unter Mitarb. v. Gisela Anders ... 
264 1 |a München  |b Juventa-Verl.  |c 1971 
300 |a 159 Seiten  |c 24 cm 
336 |a Text  |b txt  |2 rdacontent 
337 |a ohne Hilfsmittel zu benutzen  |b n  |2 rdamedia 
338 |a Band  |b nc  |2 rdacarrier 
490 1 |a Juventa-Materialien  |v 1 
500 |a Bibliogr 
505 8 |a Literaturverz. S. 151 - 158 
505 8 |a Literaturverz. S. 151 - 158 
650 0 |a Psychology, Social 
650 0 |a Problem family 
650 0 7 |0 (DE-588)4064037-1  |0 (DE-627)106125532  |0 (DE-576)209151420  |a Vorurteil  |2 gnd 
650 0 7 |0 (DE-588)4048390-3  |0 (DE-627)104106689  |0 (DE-576)209077581  |a Randgruppe  |2 gnd 
650 0 7 |0 (DE-588)4121219-8  |0 (DE-627)105770965  |0 (DE-576)209541474  |a Erzieherverhalten  |2 gnd 
650 0 7 |0 (DE-588)4030550-8  |0 (DE-627)104360100  |0 (DE-576)208988165  |a Kind  |2 gnd 
650 0 7 |0 (DE-588)4042870-9  |0 (DE-627)106212338  |0 (DE-576)209052848  |a Obdachlosigkeit  |2 gnd 
650 0 7 |0 (DE-588)4012472-1  |0 (DE-627)106348310  |0 (DE-576)20889862X  |a Diskriminierung  |2 gnd 
650 4 |a Obdachloser 
650 4 |a Sozialer Status 
689 0 0 |d s  |0 (DE-588)4030550-8  |0 (DE-627)104360100  |0 (DE-576)208988165  |a Kind  |2 gnd 
689 0 1 |d s  |0 (DE-588)4048390-3  |0 (DE-627)104106689  |0 (DE-576)209077581  |a Randgruppe  |2 gnd 
689 0 2 |d s  |0 (DE-588)4012472-1  |0 (DE-627)106348310  |0 (DE-576)20889862X  |a Diskriminierung  |2 gnd 
689 0 3 |d s  |0 (DE-588)4121219-8  |0 (DE-627)105770965  |0 (DE-576)209541474  |a Erzieherverhalten  |2 gnd 
689 0 |5 (DE-627) 
689 1 0 |d s  |0 (DE-588)4030550-8  |0 (DE-627)104360100  |0 (DE-576)208988165  |a Kind  |2 gnd 
689 1 1 |d s  |0 (DE-588)4042870-9  |0 (DE-627)106212338  |0 (DE-576)209052848  |a Obdachlosigkeit  |2 gnd 
689 1 2 |d s  |0 (DE-588)4012472-1  |0 (DE-627)106348310  |0 (DE-576)20889862X  |a Diskriminierung  |2 gnd 
689 1 3 |d s  |0 (DE-588)4121219-8  |0 (DE-627)105770965  |0 (DE-576)209541474  |a Erzieherverhalten  |2 gnd 
689 1 |5 (DE-627) 
700 1 |8 1\p  |a Iben, Gerd  |d 1932-  |0 (DE-588)120979136  |0 (DE-627)081007523  |0 (DE-576)292478364  |4 oth 
700 1 |a Anders, Gisela  |4 oth 
830 0 |a Juventa-Materialien  |v 1  |9 1  |w (DE-627)129296031  |w (DE-576)020351739  |w (DE-600)121205-9  |7 am 
883 |8 1\p  |a cgwrk  |d 20241001  |q DE-101  |u https://d-nb.info/provenance/plan#cgwrk 
935 |i Blocktest 
935 |h HEB  |i 0501 
935 |h HEB  |i 0503 
936 r v |a MS 3800  |b Obdachlosigkeit, Wohnungslosigkeit  |k Soziologie  |k Spezielle Soziologien  |k Soziologie der Minoritäten und Randgruppen  |k Obdachlosigkeit, Wohnungslosigkeit  |0 (DE-627)1270711245  |0 (DE-625)rvk/123688:  |0 (DE-576)200711245 
936 r v |a CV 8000  |b Spezielle Probleme der Sozialpsychologie (Hochschule, Familie usw.)  |k Psychologie  |k Sozialpsychologie  |k Spezielle Probleme der Sozialpsychologie (Hochschule, Familie usw.)  |0 (DE-627)1270883720  |0 (DE-625)rvk/19169:  |0 (DE-576)200883720 
936 r v |a DU 2000  |b Allgemeines und Deutschland  |k Pädagogik  |k Pädagogische Soziologie  |k Soziologie der Erziehung und des Bildungswesens  |k Allgemeines und Deutschland  |0 (DE-627)1270710923  |0 (DE-625)rvk/20043:761  |0 (DE-576)200710923 
936 r v |a DG 8500  |b Sozialpädagogik (Sozialarbeit, Sozialhilfe), Sozialerziehung (Gruppenpädagogik, Jugendarbeit)  |k Pädagogik  |k Spezialfragen der Erziehung  |k Sozialpädagogik (Sozialarbeit, Sozialhilfe), Sozialerziehung (Gruppenpädagogik, Jugendarbeit)  |0 (DE-627)1270769510  |0 (DE-625)rvk/19562:  |0 (DE-576)200769510 
936 r v |a PH 8520  |b Alkoholismus; Verwahrlosung; Nichtsesshafter, Obdachloser; Arbeitslosigkeit; Armut, Neue Armut; Drogenmissbrauch, Drogenabhängigkeit, Drogenkonsum; Drogenkriminalität; Beschaffungskriminalität  |k Rechtswissenschaft  |k Strafrecht, Strafverfahrensrecht, Kriminologie  |k Kriminologie  |k Weitere Problemfelder  |k Alkoholismus; Verwahrlosung; Nichtsesshafter, Obdachloser; Arbeitslosigkeit; Armut, Neue Armut; Drogenmissbrauch, Drogenabhängigkeit, Drogenkonsum; Drogenkriminalität; Beschaffungskriminalität  |0 (DE-627)1272237907  |0 (DE-625)rvk/136508:  |0 (DE-576)202237907 
936 s n |a c200  |2 mzub 
936 s n |a d100  |2 mzub 
936 s n |a m200  |2 mzub 
936 s n |a p100  |2 mzub 
938 1 0 |0 (DE-627)1756139539  |0 (DE-615)6604230  |a Kinder  |2 fivt 
938 1 0 |0 (DE-627)175618612X  |0 (DE-615)6610230  |a Soziale Randgruppe  |2 fivt 
938 1 0 |0 (DE-627)1756240604  |0 (DE-615)6604713  |a Soziale Diskriminierung  |2 fivt 
938 1 0 |0 (DE-627)175618027X  |0 (DE-615)6604547  |a Vorurteile  |2 fivt 
951 |a BO 
ELC |b 1 
LOK |0 000 xxxxxcx a22 zn 4500 
LOK |0 001 3078077098 
LOK |0 003 DE-627 
LOK |0 004 223734098 
LOK |0 005 20020517000000 
LOK |0 008 910814||||||||||||||||ger||||||| 
LOK |0 040   |a DE-21  |c DE-627  |d DE-21 
LOK |0 852   |a DE-21 
LOK |0 852 1  |c KB 1 A 661  |9 00 
LOK |0 935   |a krim 
LOK |0 936ln  |a k9.3.1 
LOK |0 939   |a 14-08-91  |b l01 
LOK |0 000 xxxxxcx a22 zn 4500 
LOK |0 001 3078077187 
LOK |0 003 DE-627 
LOK |0 004 223734098 
LOK |0 005 20020607000000 
LOK |0 008 940204||||||||||||||||ger||||||| 
LOK |0 040   |a DE-21-110  |c DE-627  |d DE-21-110 
LOK |0 852   |a DE-21-110 
LOK |0 852 1  |c C XIV 64  |m p  |9 00 
LOK |0 935   |a k110 
LOK |0 936ln  |a 9.3 
LOK |0 938   |k p 
LOK |0 939   |a 04-02-94  |b l01 
ORI |a SA-MARC-krimdoka001.raw 
SIG |a IFK: C XIV 64 
SIG |a UB: KB 1 A 661